| 000 | 01607nam2a22002531 4500 | ||
|---|---|---|---|
| 001 | rc\3582426 | ||
| 005 | 20250610074820.0 | ||
| 021 |
_aRU _b[75-15379] |
||
| 035 | _a(NLR Aleph) 007804878 | ||
| 090 |
_a7694674 _c7694674 |
||
| 100 | _a20130115d1974 |||y0rusy50 ca | ||
| 101 | 0 | _arus | |
| 102 | _aRU | ||
| 105 | _ay z ||||| | ||
| 200 | 0 |
_a... за 1972-1974 гг. _f[Сост. Т.А. Сырмус |
|
| 210 |
_cЭстНИИНТИ] _d1974 _aБ. м. |
||
| 215 | _a19 с. | ||
| 461 | 0 |
_1001rc\3582425 _12001#$aПланирование, организация и проведение научно-исследовательских и опытно-конструкторских работ$eСписок отеч. и иностр. литературы...$fЭст. науч.-исслед. ин-т науч.-техн. информации и техн.-экон. исследований. Респ. науч.-техн. б-ка ЭССР$v... за 1972-1974 гг. _97694671 _cТаллин _d1974 _fЭст. науч.-исслед. ин-т науч.-техн. информации и техн.-экон. исследований. Респ. науч.-техн. б-ка ЭССР _nБ. и. _oСписок отеч. и иностр. литературы... _tПланирование, организация и проведение научно-исследовательских и опытно-конструкторских работ _v... за 1972-1974 гг. |
|
| 702 | 1 |
_aСырмус _bТ.А. _4220 |
|
| 801 | 0 |
_aRU _bNLR _gpsbo |
|
| 801 | 1 |
_aRU _bELAR _2rusmarc |
|
| 852 |
_aNLR _jС737-410/П37 |
||
| 942 | _cBOOK | ||
| 980 | _aNB | ||